<?xml version="1.0" encoding="UTF-8"?><?xml-stylesheet type="text/xsl" href="static/style.xsl"?><OAI-PMH xmlns="http://www.openarchives.org/OAI/2.0/" xmlns:xsi="http://www.w3.org/2001/XMLSchema-instance" xsi:schemaLocation="http://www.openarchives.org/OAI/2.0/ http://www.openarchives.org/OAI/2.0/OAI-PMH.xsd"><responseDate>2026-04-14T17:45:28Z</responseDate><request verb="GetRecord" identifier="oai:uvadoc.uva.es:10324/29367" metadataPrefix="marc">https://uvadoc.uva.es/oai/request</request><GetRecord><record><header><identifier>oai:uvadoc.uva.es:10324/29367</identifier><datestamp>2021-06-29T21:28:18Z</datestamp><setSpec>com_10324_38</setSpec><setSpec>col_10324_852</setSpec></header><metadata><record xmlns="http://www.loc.gov/MARC21/slim" xmlns:doc="http://www.lyncode.com/xoai" xmlns:xsi="http://www.w3.org/2001/XMLSchema-instance" xmlns:dcterms="http://purl.org/dc/terms/" xsi:schemaLocation="http://www.loc.gov/MARC21/slim http://www.loc.gov/standards/marcxml/schema/MARC21slim.xsd">
<leader>00925njm 22002777a 4500</leader>
<datafield tag="042" ind1=" " ind2=" ">
<subfield code="a">dc</subfield>
</datafield>
<datafield tag="720" ind1=" " ind2=" ">
<subfield code="a">Martín Marina, Esther</subfield>
<subfield code="e">author</subfield>
</datafield>
<datafield tag="260" ind1=" " ind2=" ">
<subfield code="c">2018</subfield>
</datafield>
<datafield tag="520" ind1=" " ind2=" ">
<subfield code="a">El presente trabajo se desarrolla dentro del entorno educativo universitario, concretamente&#xd;
en el Área de Ingeniería de los Procesos de Fabricación de la Escuela de Ingenierías&#xd;
Industriales de la Universidad de Valladolid.&#xd;
El propósito de este trabajo es abordar la posibilidad de aplicar estrategias de gestión&#xd;
ampliamente utilizadas en el sector industrial productivo como gestión visual, procesos&#xd;
estables y estandarizados y diversas herramientas Lean Management, en el Área de&#xd;
Ingeniería de los Procesos de Fabricación, desde un punto de vista teórico práctico, para la&#xd;
gestión de recursos y medios en el área del conocimiento mencionado.&#xd;
Estamos acostumbrados a ver la filosofía Lean aplicada en sectores industriales, sin&#xd;
embargo, pensemos que una empresa servicios suele estar más cerca del cliente final que&#xd;
dichas empresas industriales, con lo que el objetivo, genuinamente Lean, de generar valor&#xd;
para el cliente, es especialmente importante en las empresas servicios.&#xd;
Palabras clave&#xd;
Lean, Organización, Recursos, Servicios, Educativo.&#xd;
Abstract</subfield>
</datafield>
<datafield tag="024" ind2=" " ind1="8">
<subfield code="a">http://uvadoc.uva.es/handle/10324/29367</subfield>
</datafield>
<datafield ind1=" " ind2=" " tag="653">
<subfield code="a">Universidad de Valladolid. Escuela de Ingenierías Industriales</subfield>
</datafield>
<datafield ind1=" " ind2=" " tag="653">
<subfield code="a">Eficiencia en la industria</subfield>
</datafield>
<datafield tag="245" ind1="0" ind2="0">
<subfield code="a">Metodología Lean aplicada en la gestión de medios en el Área Ingeniería de los Procesos de Fabricación de la Escuela de Ingenierías Industriales (UVA)</subfield>
</datafield>
</record></metadata></record></GetRecord></OAI-PMH>